• 首页
  • 本馆介绍
  • 公告通知
  • 最新文献
  • 馆藏检索
  • 电子资源
  • 读者导购
  • 参考咨询
  • 我的图书馆
  • 登录
  • 详细信息显示
  • 放入我的书架
  • 预约/预借图书
  • 作者相关作品
  • 分类相关作品
  • 丛书相关作品
  • 出版社相关作品

书目信息

  • 表格格式
  • 工作单格式
  • 卡片格式
题名:
生物
    
 
作者: 河北省中学生物教材编写委员会 编
分册: 第二册  
出版信息: 石家庄   河北少年儿童出版社  1995
页数: 182页
开本: 20cm
丛书名:
单 册:
中图分类: Q5 , G634.91
科图分类:
主题词: 生物 , 教育--各级
电子资源:
ISBN: 7-5376-0700-1
000 00818nam0 2200253 45
001 0180009132
005 20070611172131.26
010    @a7-5376-0700-1@dCNY3.95
100    @a19950420d1995 em y0chiy0121 ea
101 0  @achi
102    @aCN@b130000
105    @ay z 000yy
200 10 @a生物@Asheng wu@h第二册@f河北省中学生物教材编写委员会编@Fhe bei sheng zhong xue sheng wu jiao cai bian xie wei yuan hui bian
210    @a石家庄@c河北少年儿童出版社@d1995
215    @a182页@d20cm
300    @a九年义务教育初中课本
606    @a生物
606 0  @a教育@x各级
690    @aQ5@v4
690    @aG634.91@v3
701  0 @a河北省中学生物教材编写委员会@Ahe bei sheng zhong xue sheng wu jiao cai bian xie wei yuan hui@4编
801  2 @aCN@bNLC@c20070611
801  0 @aCN@b上海图书馆@c20070608
905    @dG634.91@e743:2
    
    生物.第二册/河北省中学生物教材编写委员会编.-石家庄:河北少年儿童出版社,1995
    182页;20cm
    九年义务教育初中课本
    
    ISBN 7-5376-0700-1:CNY3.95
    
●
相关链接 在E读中查询图书 在五车中查询图书 在当当中查询图书 在豆瓣中查询图书


正题名:生物     索取号:G634.91/743:2         预约/预借

序号 登录号 条形码 馆藏地/架位号 状态 备注
1 0630968   206309680   第一样本阅览室/ [索取号:G634.91/743:2] 在馆    
2 0630969   206309699   密集书库/ [索取号:G634.91/743:2] 在馆    
3 0630970   206309706   密集书库/ [索取号:G634.91/743:2] 在馆    
4 0630971   206309715   密集书库/ [索取号:G634.91/743:2] 在馆    
5 0630972   206309724   密集书库/ [索取号:G634.91/743:2] 在馆    
6 0630973   206309733   密集书库/ [索取号:G634.91/743:2] 在馆    
7 0630974   206309742   密集书库/ [索取号:G634.91/743:2] 在馆    
8 0630975   206309751   密集书库/ [索取号:G634.91/743:2] 在馆    
9 0630976   206309760   密集书库/ [索取号:G634.91/743:2] 在馆    
唐山师范学院图书馆 欢迎您!
大连网信软件有限公司© 版权所有